|
|
|
|
| LEADER |
02721nam a2200613 4500 |
| 001 |
ocn882474260 |
| 003 |
OCoLC |
| 005 |
20170124072137.2 |
| 006 |
m o d |
| 007 |
cr cnu|||unuuu |
| 008 |
140702s2014 enk ob 001 0 eng d |
| 040 |
|
|
|a DG1
|b eng
|e rda
|e pn
|c DG1
|d CUS
|d IDEBK
|d CDX
|d YDXCP
|d OCLCF
|d RECBK
|d E7B
|d COO
|d OCLCQ
|d DEBBG
|d GrThAP
|
| 019 |
|
|
|a 882610143
|a 908035564
|
| 020 |
|
|
|a 9781118945087
|q (electronic bk.)
|
| 020 |
|
|
|a 1118945085
|q (electronic bk.)
|
| 020 |
|
|
|a 1306906474
|q (ebk)
|
| 020 |
|
|
|a 9781306906470
|q (ebk)
|
| 020 |
|
|
|a 9781118945094
|q (e-book)
|
| 020 |
|
|
|a 1118945093
|q (e-book)
|
| 020 |
|
|
|a 1848216882
|
| 020 |
|
|
|a 9781848216884
|
| 020 |
|
|
|z 9781848216884
|
| 024 |
7 |
|
|a 10.1002/9781118945087
|2 doi
|
| 029 |
1 |
|
|a CHBIS
|b 010442080
|
| 029 |
1 |
|
|a CHVBK
|b 33408704X
|
| 029 |
1 |
|
|a NZ1
|b 15592137
|
| 029 |
1 |
|
|a GBVCP
|b 863146791
|
| 029 |
1 |
|
|a DEBBG
|b BV043396948
|
| 035 |
|
|
|a (OCoLC)882474260
|z (OCoLC)882610143
|z (OCoLC)908035564
|
| 037 |
|
|
|a 621898
|b MIL
|
| 050 |
|
4 |
|a QA76.754
|
| 082 |
0 |
4 |
|a 005.1/2
|2 23
|
| 049 |
|
|
|a MAIN
|
| 245 |
0 |
0 |
|a Software architecture.
|n 2 /
|c edited by Mourad Chabane Oussalah.
|
| 246 |
3 |
0 |
|a Software architecture 2
|
| 246 |
3 |
0 |
|a Software architecture two
|
| 264 |
|
1 |
|a London, UK :
|b ISTE, Ltd. ;
|a Hoboken, NJ :
|b Wiley,
|c 2014.
|
| 300 |
|
|
|a 1 online resource (viii, 244 pages).
|
| 336 |
|
|
|a text
|b txt
|2 rdacontent
|
| 337 |
|
|
|a computer
|b c
|2 rdamedia
|
| 338 |
|
|
|a online resource
|b cr
|2 rdacarrier
|
| 490 |
1 |
|
|a Computer engineering series
|
| 505 |
0 |
|
|a Metamodeling in Software Architectures / Adel Smeda, Mourad Chabane Oussalah -- Architecture Constraints / Chouki Tibermacine -- Software Architectures and Multiple Variability / Mathieu Acher, Philippe Collet, Philippe Lahire -- Architecture and Quality of Software Systems / Nicole Lévy, Francisca Losavio, Yann Pollet -- Software Architectures and Multiagent Systems / Jean-Paul Arcangeli, Victor Noël, Frédéric Migeon -- Software Architectures and Software Processes / Fadila Aoussat, Mourad Chabane Oussalah, Mohamed Ahmed-Nacer.
|
| 504 |
|
|
|a Includes bibliographical references and index.
|
| 588 |
0 |
|
|a Online resource; title from PDF title page (Wiley, viewed July 16, 2014).
|
| 650 |
|
0 |
|a Software architecture.
|
| 650 |
|
7 |
|a Software architecture.
|2 fast
|0 (OCoLC)fst01200416
|
| 655 |
|
4 |
|a Electronic books.
|
| 655 |
|
0 |
|a Electronic books.
|
| 700 |
1 |
|
|a Oussalah, Mourad,
|e editor.
|
| 776 |
0 |
8 |
|i Print version:
|t Software architecture. 2.
|d London : ISTE, 2014
|z 9781848216884
|w (OCoLC)881845668
|
| 830 |
|
0 |
|a Computer engineering series (London, England)
|
| 856 |
4 |
0 |
|u https://doi.org/10.1002/9781118945087
|z Full Text via HEAL-Link
|
| 994 |
|
|
|a 92
|b DG1
|